Great Mughals - Statistics

General Stats
  • This quiz has been taken 84 times
  • The average score is 5 of 6
Answer Stats
Answer % Correct
Akbar
100%
Babur
93%
Shah Jahan
93%
Aurangzeb
90%
Jahangir
84%
Humayan
26%
No matching quizzes found
Score Distribution
Percent of People with Each Score
Percentile by Number Answered
Your Score History
You have not taken this quiz